Comuni del Molise (con mappa) - Statistics

Statistiche generali
  • Questo quiz è stato fatto 1.284 volte
  • Il punteggio medio è 23 su 136
Risposte nella Mappa
Le risposte nella mappa del quiz sottostante sono codificate secondo una scala di colori dal rosso al verde in base alla % di persone che hanno risposto correttamente.
 
Statistiche sulle risposte
Comune % Corretto
Campobasso
96%
Isernia
94%
Termoli
84%
Venafro
53%
Agnone
52%
Bojano
46%
Campomarino
43%
Montenero di Bisaccia
41%
Capracotta
40%
Larino
34%
Petacciato
32%
Molise
30%
Frosolone
28%
San Giuliano di Puglia
28%
Ururi
28%
Guglionesi
27%
Trivento
26%
Vinchiaturo
25%
Sesto Campano
24%
Casacalenda
23%
Pozzilli
23%
Riccia
22%
Jelsi
21%
Mafalda
21%
San Martino in Pensilis
21%
Ferrazzano
20%
Guardialfiera
20%
Portocannone
20%
Ripalimosani
20%
Sepino
20%
Castelpetroso
19%
Macchia d'Isernia
18%
Vastogirardi
18%
Busso
17%
Campodipietra
17%
Pesche
17%
San Giacomo degli Schiavoni
17%
Acquaviva Collecroce
16%
Bagnoli del Trigno
16%
Baranello
16%
Carpinone
16%
Cercemaggiore
16%
Forlì del Sannio
16%
Oratino
16%
Palata
16%
Pietrabbondante
16%
Castel San Vincenzo
15%
Santa Croce di Magliano
15%
Bonefro
14%
Colli a Volturno
14%
Gambatesa
14%
Limosano
14%
Macchiagodena
14%
Montefalcone nel Sannio
14%
San Felice del Molise
14%
Sant'Elia a Pianisi
14%
Toro
14%
Acquaviva d'Isernia
13%
Carovilli
13%
Castelmauro
13%
Cerro al Volturno
13%
Civitacampomarano
13%
Colletorto
13%
Fornelli
13%
Guardiaregia
13%
Lucito
13%
Matrice
13%
Montaquila
13%
Montecilfone
13%
Monteroduni
13%
Pescolanciano
13%
Sant'Angelo Limosano
13%
Campolieto
12%
Castropignano
12%
Cercepiccola
12%
Duronia
12%
Fossalto
12%
Pescopennataro
12%
Rionero Sannitico
12%
Ripabottoni
12%
Roccamandolfi
12%
Rotello
12%
San Giuliano del Sannio
12%
Sessano del Molise
12%
Colle d'Anchise
11%
Gildone
11%
Lupara
11%
Mirabello Sannitico
11%
Miranda
11%
Montagano
11%
Pizzone
11%
Roccavivara
11%
Salcito
11%
San Massimo
11%
Sant'Agapito
11%
Santa Maria del Molise
11%
Scapoli
11%
Torella del Sannio
11%
Tufara
11%
Casalciprano
10%
Castel del Giudice
10%
Civitanova del Sannio
10%
Conca Casale
10%
Montenero Val Cocchiara
10%
Petrella Tifernina
10%
Pettoranello del Molise
10%
Poggio Sannita
10%
Rocchetta a Volturno
10%
San Pietro Avellana
10%
Spinete
10%
Tavenna
10%
Campochiaro
9%
Cantalupo nel Sannio
9%
Chiauci
9%
Filignano
9%
Longano
9%
Macchia Valfortore
9%
Montemitro
9%
Pietracatella
9%
San Giovanni in Galdo
9%
San Polo Matese
9%
Belmonte del Sannio
8%
Castelbottaccio
8%
Castellino del Biferno
8%
Castelverrino
8%
Montorio nei Frentani
8%
Morrone del Sannio
8%
Provvidenti
8%
Roccasicura
8%
Sant'Angelo del Pesco
8%
Sant'Elena Sannita
8%
Castelpizzuto
7%
Monacilioni
7%
Pietracupa
7%
San Biase
7%
Montelongo
6%
Nessun quiz corrispondente trovato
Distribuzione punteggi
Percentuale di utenti per punteggio
Percentile per numero di risposta
I tuoi punteggi nel tempo
Non hai fatto questo quiz